| 000 | 00888cab a2200301 4500 | ||
|---|---|---|---|
| 001 | ABS51833 | ||
| 008 | 090401t1994 xxu||||| |||| 00| 0 eng d | ||
| 035 | _a(Sirsi) u45852 | ||
| 041 | _aeng | ||
| 100 | _aGreer, D. | ||
| 245 | _aIs it wise to accept a US corporation as surety to a lease? | ||
| 260 | _c1994 | ||
| 350 | _a0 | ||
| 490 |
_aNew Law Journal _v144(6670) 4 November 1994, 1529-1530(2) |
||
| 520 | _aDescribes how to enforce a UK judgment in the US to recover debts from a tenant company, whose surety was a US corporation. | ||
| 650 | _aCORPORATIONS | ||
| 650 | _aDEBTS | ||
| 650 | _aLEASES | ||
| 650 | _aOVERSEAS | ||
| 650 | _aRECOVERY | ||
| 650 | _aSURETIES | ||
| 650 | _aUNIFORM FOREIGN MONEY JUDGMENT RECOGNITION ACT 1962 | ||
| 650 | _aUNITED STATES | ||
| 690 | _aLAW | ||
| 690 | _aPROPERTY LAW AND PRACTICE | ||
| 942 | _n0 | ||
| 948 | _c04/03/1997 | ||
| 999 |
_c29009 _d29009 |
||